| 000 | 00706cam a2200229 a 4500 | ||
|---|---|---|---|
| 001 | 1602532 | ||
| 005 | 20180223080028.0 | ||
| 008 | 940310s1993 dcua b 100 0 eng | ||
| 010 | _a 94128884 | ||
| 020 | _a1879694077 | ||
| 040 |
_aDLC _cDLC _dDLC |
||
| 041 | _aeng | ||
| 080 | _a610.6953 CLA | ||
| 082 | 0 | 0 |
_a610.6953 CLA _220 |
| 100 | _a1 | ||
| 101 | _aINF | ||
| 245 | 0 | 4 |
_aThe roles of physician assistants and nurse practitioners in primary care / _cD. Kay Clawson, Marian Osterweis, editors. |
| 504 | _aIncludes bibliographical references. | ||
| 906 |
_a7 _bcbc _corignew _d2 _encip _f19 _gy-gencatlg |
||
| 942 |
_2ddc _cBK |
||
| 999 |
_c43280 _d43280 |
||